000
00294nam a22001337a 4500
020
_a
0-7214-1932-1
082
_a
823
_b
JEA/R
100
_a
JEAN
100
_a
ADAMSON, GARETH
245
_a
RED BOOTS
260
_a
ENGLISH SHORT STORY
_b
LADYBIRD
650
_a
ENGLISH SHORT STORY
_z
UK
942
_c
BK
999
_c
4124
_d
4124